Local policy responses to globalization: placed-based ownership models of economic enterprise (Record no. 56374)

000 -LEADER
fixed length control field 01273pab a2200193 454500
008 - FIXED-LENGTH DATA ELEMENTS--GENERAL INFORMATION
fixed length control field 180718b2003 xxu||||| |||| 00| 0 eng d
100 ## - MAIN ENTRY--PERSONAL NAME
Personal name Imbroscio, David L.
245 ## - TITLE STATEMENT
Title Local policy responses to globalization: placed-based ownership models of economic enterprise
260 ## - PUBLICATION, DISTRIBUTION, ETC.
Date of publication, distribution, etc. 2003
300 ## - PHYSICAL DESCRIPTION
Extent p.31-52.
362 ## - DATES OF PUBLICATION AND/OR SEQUENTIAL DESIGNATION
Dates of publication and/or sequential designation Feb
520 ## - SUMMARY, ETC.
Summary, etc. The destablizing forces wrought by economic globalization increasingly buffet local communities throughout America. This article explores a local policy strategy for coping with the effects of these forces and restoring some degree of stability to local economies. This strategy entails the creation of place-based ownership models of economic enterprise. With ownership and control held in a more collective or community-oriented fashion, such enterprises tend to anchor or root investment more securely in communities, providing a counterforce to globalization. We present and critically assess six place-based ownership models while providing illustrative examples to demonstrate how each model can work in practice. - Reproduced.
650 ## - SUBJECT ADDED ENTRY--TOPICAL TERM
Topical term or geographic name entry element Globalization
650 ## - SUBJECT ADDED ENTRY--TOPICAL TERM
Topical term or geographic name entry element Economic and social development
700 ## - ADDED ENTRY--PERSONAL NAME
Personal name Alperovitz, Gar
700 ## - ADDED ENTRY--PERSONAL NAME
Personal name Williamson, Thad
773 ## - HOST ITEM ENTRY
Main entry heading Policy Studies Journal
909 ## -
-- 56374
Holdings
Withdrawn status Lost status Damaged status Not for loan Permanent Location Current Location Date acquired Serial Enumeration / chronology Barcode Date last seen Price effective from Koha item type
        Indian Institute of Public Administration Indian Institute of Public Administration 2018-07-19 Volume no: 31, Issue no: 1 AR56819 2018-07-19 2018-07-19 Articles

Powered by Koha